El santo de la Isidra; El amigo Melquiades; Los caciques

Guardat en:
Dades bibliogràfiques
Autor principal: Arniches, Carlos
Format: Llibre
Idioma:Undetermined
Publicat: Madrid, España Alianza 1969
Matèries:
Etiquetes: Afegir etiqueta
Sense etiquetes, Sigues el primer a etiquetar aquest registre!

MARC

LEADER 00000nam a2200000Ia 4500
008 170316s9999 xx 000 0 und d
040 |a cru BVZT 
090 |a 862 A-34s 
100 |a Arniches, Carlos 
245 |a El santo de la Isidra; El amigo Melquiades; Los caciques 
260 |a Madrid, España 
260 |b Alianza 
260 |c 1969 
300 |a 216 páginas 
650 |a LITERATURA ESPAÑOLA 
650 |a TEATRO 
999 |c 9439  |d 9439 
942 |c 15 D  |h 862 A-34s  |2 z